01377nam a2200241Ia 4500001000900000003001000009008004100019040002500060041001300085100002000098245006100118250001100179260006100190300001100251500026600262501011400528520026600642650001500908942000700923957000600930999004100936952015800977L110-779IT-CnALBA170116s9999||||xx |||||||||||||| ||und|| aIT-CnALBAcIT-CnALBA aITALIANO aPARAZZOLI GUIDO 0aIL MALE NELLA IMMANENZA E NELLA TRASCENDENZA. DIALOGHI.  a1a ed. bCASA EDIT. BISSON & FRANCESCHETTI c1919 [1° Ed.: n.d.] a92 p.  aATTIVITÀ: BENE MALE ESSERE PIACERE DIVENIRE MATERIA FORMA. VALORE ORIGINARIO: DIALETTICA DELLA VOLONTÀ. SCALA DEI VALORI: GRADI DELLA COSCIENZA. L'ANIMALE E L'IO. EGOCENTRISMO. VALORE: DELLA COGNIZIONE DELLA VOLONTÀ DELLA PERSONA. LEGGE DELLA PERSONA. LIB aSocietà San Paolo EM - Piazza San Paolo, 14 - 12051 ALBA (CN) (non commercial uses only) ® Copyright 2017 aATTIVITÀ: BENE MALE ESSERE PIACERE DIVENIRE MATERIA FORMA. VALORE ORIGINARIO: DIALETTICA DELLA VOLONTÀ. SCALA DEI VALORI: GRADI DELLA COSCIENZA. L'ANIMALE E L'IO. EGOCENTRISMO. VALORE: DELLA COGNIZIONE DELLA VOLONTÀ DELLA PERSONA. LEGGE DELLA PERSONA. LIB aMETAFISICA cBK 71 a877bSI g Copie: 1 c260014d260014 0010406L_11077971aALBAbALBAd2017-01-16l0oL110-779r2017-01-16 00:00:00w2017-01-16yBKz(data import: 16 gennaio 2017) - By Epidotti, Vaglietti.